000 00594nam a2200217Ia 4500
003 OSt
005 20220912153131.0
006 a|||||r|||| 00| 0
007 ta
008 220909b |||||||| |||| 00| 0 eng d
024 _a19370
037 _cAnnuals, Advances
040 _aCSL
_beng
_cCSL
041 _aeng
082 _aY15:7:7, Mo
100 _aBourguignon Rika
245 0 _aWorld of women: Anthropological studies of women in the societies of th world
300 _ap.
_ccm.
942 _hY15:7:7, Mo
_cREF
_2CC
999 _c98673
_d98673